Países por produção de energia renovável - Statistics

Estatísticas Gerais
  • Esse quiz foi jogado 30 vezes
  • A pontuação média é 12 de 15
Estatísticas das Respostas
Classificação Produção País % Correto
1 3399 TWh China
100%
2 1057 TWh Estados Unidos
97%
13 146 TWh França
97%
7 233 TWh Japão
97%
3 651 TWh Brasil
93%
4 409 TWh Canada
93%
6 293 TWh Alemanha
86%
5 397 TWh Índia
86%
12 152 TWh Reino Unido
83%
8 207 TWh Rússia
83%
9 162 TWh Espanha
79%
14 129 TWh Itália
79%
11 153 TWh Turquia
62%
10 158 TWh Noruega
59%
15 128 TWh Vietnã
21%
Nenhum quiz correspondente encontrado
Distribuição das Pontuações
Porcentagem de Pessoas com Cada Pontuação
Percentil de Números Respondidos
Sua Pontuação Histórica
Você não jogou esse quiz